Dick whittington / (Record no. 6434)

MARC details
000 -LEADER
fixed length control field 01022nam a22002777a 4500
001 - CONTROL NUMBER
control field 6434
003 - CONTROL NUMBER IDENTIFIER
control field FISKH
005 - DATE AND TIME OF LATEST TRANSACTION
control field 20250826090615.0
008 - FIXED-LENGTH DATA ELEMENTS--GENERAL INFORMATION
fixed length control field 250430b cb ||||| |||| 00| 0 eng d
020 ## - INTERNATIONAL STANDARD BOOK NUMBER
International Standard Book Number 9789814281317
040 ## - CATALOGING SOURCE
Original cataloging agency FISKH
Language of cataloging eng
Transcribing agency FISKH
Modifying agency FISKH
050 ## - LIBRARY OF CONGRESS CALL NUMBER
Classification number PE1119
082 ## - DEWEY DECIMAL CLASSIFICATION NUMBER
Classification number 428.6
100 ## - MAIN ENTRY--PERSONAL NAME
Personal name Smith, Annett
245 ## - TITLE STATEMENT
Title Dick whittington /
Statement of responsibility, etc. Retold by Annett Smith ; Illustrated by Elise Fowler
260 ## - PUBLICATION, DISTRIBUTION, ETC.
Place of publication, distribution, etc. Nelson Price :
Name of publisher, distributor, etc. Milburn,
Date of publication, distribution, etc. 2000.
300 ## - PHYSICAL DESCRIPTION
Extent 32 pages :
Other physical details color illustrations ;
Dimensions 21 cm
505 ## - FORMATTED CONTENTS NOTE
Formatted contents note K<br/>
520 ## - SUMMARY, ETC.
Summary, etc. Designed for children learning to read, this book retells Dick Whittington in lively, natural language to help children develop the confidence to read alone. Level Four is suitable for children who are ready to read longer stories with a wider vocabulary.
521 8# - TARGET AUDIENCE NOTE
Target audience note 510 <br/>
Source Lexile adjusted<br/>
521 8# - TARGET AUDIENCE NOTE
Target audience note K<br/>
Source Raz-Plus<br/>
650 ## - SUBJECT ADDED ENTRY--TOPICAL TERM
Topical term or geographic name entry element Ladybird
Form subdivision English History
700 ## - ADDED ENTRY--PERSONAL NAME
Personal name Fowler, Elise
Relator term illustrator
942 ## - ADDED ENTRY ELEMENTS (KOHA)
Source of classification or shelving scheme Dewey Decimal Classification
Koha item type Books
Suppress in OPAC No
Holdings
Withdrawn status Lost status Source of classification or shelving scheme Damaged status Not for loan Collection Home library Current library Shelving location Date acquired Total Checkouts Full call number Barcode Date last seen Copy number Price effective from Koha item type
    Dewey Decimal Classification     Juvenile Fiction Footprints International School Library Network Toul Kork Campus Footprints International School Library Network Toul Kork Campus TK Primary Library Room(4th Floor), Bookcase 3&4, Shelves 17-32, Yellow Books 04/30/2025   SMI 428.6 PE1119 FISTK04104 04/30/2025 1 04/30/2025 Books
    Dewey Decimal Classification     Juvenile Fiction Footprints International School Library Network Toul Tom Poung Campus Footprints International School Library Network Toul Tom Poung Campus TTP Primary Yellow Bookshelves 05/13/2025   SMI 428.6 PE1119 2025-1291 05/13/2025 2 05/13/2025 Books
    Dewey Decimal Classification     Juvenile Fiction Footprints International School Library Network Toul Tom Poung Campus Footprints International School Library Network Toul Tom Poung Campus TTP Primary Yellow Bookshelves 06/23/2025   SMI 428.6 PE1119 FIS02354 06/23/2025 3 06/23/2025 Books
    Dewey Decimal Classification     Juvenile Fiction Footprints International School Library Network Toul Tom Poung Campus Footprints International School Library Network Toul Tom Poung Campus TTP Primary Yellow Bookshelves 06/23/2025   SMI 428.6 PE1119 FIS04879 06/23/2025 4 06/23/2025 Books
    Dewey Decimal Classification     Juvenile Fiction Footprints International School Library Network Toul Tom Poung Campus Footprints International School Library Network Toul Tom Poung Campus TTP Primary Yellow Bookshelves 06/23/2025   SMI 428.6 PE1119 FIS02219 06/23/2025 5 06/23/2025 Books
    Dewey Decimal Classification     Juvenile Fiction Footprints International School Library Network Toul Tom Poung Campus Footprints International School Library Network Toul Tom Poung Campus TTP Primary Yellow Bookshelves 08/14/2025   SMI 428.6 PE1119 FISTK00922 08/14/2025 6 08/14/2025 Books
    Dewey Decimal Classification     Juvenile Fiction Footprints International School Library Network Toul Tom Poung Campus Footprints International School Library Network Toul Tom Poung Campus TTP Primary Yellow Bookshelves 08/21/2025   SMI 428.6 PE1119 FISTK04103 08/21/2025 7 08/21/2025 Books
    Dewey Decimal Classification     Juvenile Fiction Footprints International School Library Network Toul Tom Poung Campus Footprints International School Library Network Toul Tom Poung Campus TTP Primary Yellow Bookshelves 08/21/2025   SMI 428.6 PE1119 FISTK00921 08/21/2025 8 08/21/2025 Books
    Dewey Decimal Classification     Juvenile Fiction Footprints International School Library Network Toul Tom Poung Campus Footprints International School Library Network Toul Tom Poung Campus TTP Primary Yellow Bookshelves 08/26/2025   SMI 428.6 PE1119 FIS02337 08/26/2025 9 08/26/2025 Books